| 000 | 00614nam a22001937a 4500 | ||
|---|---|---|---|
| 005 | 20250225121943.0 | ||
| 008 | 250130b |||||||| |||| 00| 0 eng d | ||
| 020 | _a9789357783606 | ||
| 040 |
_aLCT _cLCT |
||
| 084 | _aZ2,75,15 R4 | ||
| 100 |
_aKansal, Saurabh _9699788 |
||
| 245 |
_aTaxmann's Bharatiya Sakshya Adhiniyam 2023; _bLaw & Practice/ _heng |
||
| 260 |
_aNew Delhi _bTaxmann _c2024 |
||
| 300 | _alxxii, 366p. | ||
| 650 |
_aEvidence Law-India _9734891 |
||
| 650 | _aLaw | ||
| 650 |
_aSakshya Adhiniyam _9734892 |
||
| 942 |
_2CC _cTB _hZ2,75,15 R4 _n0 |
||
| 999 |
_c1238310 _d1238310 |
||